[Event "ESP-chT CECLUB Div2"]
[Site "Linares"]
[Date "2023.08.13"]
[Round "1.6"]
[White "Garcia Garcia, Samuel"]
[Black "Iturrizaga Bonelli, Eduardo"]
[Result "0-1"]
[WhiteElo "2136"]
[BlackElo "2617"]
[PlyCount "78"]
[EventDate "2023.08.13"]
[EventType "team-swiss"]
[EventRounds "7"]
[EventCountry "ESP"]
[SourceTitle "EXT 2024"]
[Source "ChessBase"]
[SourceDate "2023.10.10"]
[SourceVersion "1"]
[SourceVersionDate "2023.10.10"]
[SourceQuality "1"]
[WhiteTeam "Antonio Rico"]
[BlackTeam "Filantropos Equigoma"]
[WhiteTeamCountry "ESP"]
[BlackTeamCountry "ESP"]

1. e4 c5 2. Nf3 e6 3. g3 Nc6 4. Bg2 Nf6 5. Qe2 e5 6. 0-0 Be7 7. d3 0-0 8. c3 Re8 9. Nbd2 Bf8 10. Rd1 d5 11. Nf1 d4 12. h3 Nd7 13. g4 b5 14. Ng3 Nb6 15. Qc2 a5 16. b3 a4 17. Bd2 dxc3 18. Bxc3 Ra7 19. Bf1 Bd7 20. Be2 Qa8 21. Qb2 Ra6 22. Nf5 Qa7 23. Ne3 Nd4 24. Bxd4 cxd4 25. Nc2 Bd6 26. Qc1 Rc8 27. Qd2 Rc3 28. b4 a3 29. Rdb1 Na4 30. Rb3 Rxb3 31. axb3 Nc3 32. Bf1 Be6 33. Qc1 a2 34. Qb2 f6 35. Nh4 g6 36. Nf3 Qe7 37. Nfe1 Bxb4 38. f3 g5 39. Kg2 Ba3 0-1

[Event "ESP-ch 87th"]
[Site "Linares"]
[Date "2022.08.13"]
[Round "4"]
[White "Garcia Garcia, Samuel"]
[Black "Lin, Ying Rui"]
[Result "1/2-1/2"]
[WhiteElo "2095"]
[BlackElo "2314"]
[PlyCount "131"]
[EventDate "2022.08.11"]
[EventType "swiss"]
[EventRounds "9"]
[EventCountry "ESP"]
[SourceTitle "CBM 209 Extra"]
[Source "ChessBase"]
[SourceDate "2022.09.30"]
[SourceVersion "1"]
[SourceVersionDate "2022.09.30"]
[SourceQuality "1"]

1. e4 c5 2. c3 Nf6 3. e5 Nd5 4. Nf3 Nc6 5. Bc4 Nb6 6. Bb3 c4 7. Bc2 d6 8. exd6 Qxd6 9. 0-0 Bg4 10. h3 Bh5 11. Re1 e6 12. b3 cxb3 13. axb3 Qc7 14. Be4 Be7 15. d4 0-0 16. g4 Bg6 17. Bxg6 hxg6 18. Nbd2 Nd5 19. Ne4 Rad8 20. Bd2 Nf4 21. Bxf4 Qxf4 22. Ng3 Rd5 23. Qe2 Rfd8 24. Qe3 Qc7 25. Qd3 R5d7 26. Qc4 a6 27. Kg2 b5 28. Qe2 b4 29. cxb4 Nxb4 30. Rec1 Qb6 31. Ne4 a5 32. Nc5 Rd5 33. Nd3 Nc6 34. Nf4 R5d6 35. d5 Nd4 36. Nxd4 Qxd4 37. Ra4 Qf6 38. dxe6 g5 39. exf7+ Qxf7 40. Rc7 Re8 41. Nh5 Qd5+ 42. Qe4 Bf8 43. Qxd5+ Rxd5 44. Rac4 Rd2 45. Rc2 Rxc2 46. Rxc2 Rb8 47. Rc3 Bb4 48. Rd3 Rb7 49. Ng3 Be7 50. Rd5 Rxb3 51. Rxa5 Kf7 52. Ne4 Kg6 53. Ra6+ Bf6 54. Nxf6 gxf6 55. f3 Rb2+ 56. Kg3 Rb3 57. Ra2 Rc3 58. Rf2 f5 59. gxf5+ Kxf5 60. Ra2 Rc4 61. Ra5+ Kf6 62. Ra8 Rb4 63. Rf8+ Kg6 64. Re8 Ra4 65. Re4 Ra1 66. Rb4 1/2-1/2

[Event "ESP-ch 87th"]
[Site "Linares"]
[Date "2022.08.13"]
[Round "3"]
[White "Ladron de Guevara Pinto, Paolo"]
[Black "Garcia Garcia, Samuel"]
[Result "1-0"]
[WhiteElo "2446"]
[BlackElo "2095"]
[PlyCount "55"]
[EventDate "2022.08.11"]
[EventType "swiss"]
[EventRounds "9"]
[EventCountry "ESP"]
[SourceTitle "CBM 209 Extra"]
[Source "ChessBase"]
[SourceDate "2022.09.30"]
[SourceVersion "1"]
[SourceVersionDate "2022.09.30"]
[SourceQuality "1"]

1. d4 Nf6 2. c4 e6 3. Nc3 d5 4. Nf3 Be7 5. Bg5 h6 6. Bxf6 Bxf6 7. e3 0-0 8. Rc1 c6 9. Bd3 Nd7 10. 0-0 Nb6 11. b3 Re8 12. e4 e5 13. dxe5 Bxe5 14. Nxe5 Rxe5 15. exd5 cxd5 16. c5 Nd7 17. f4 Re8 18. Nxd5 Nf6 19. Bb5 Re4 20. Nxf6+ Qxf6 21. Qd6 Qd4+ 22. Qxd4 Rxd4 23. Rcd1 Rxd1 24. Rxd1 Be6 25. Kf2 Rc8 26. Rc1 Bd5 27. b4 Rd8 28. Rd1 1-0

[Event "Oviedo op 8th"]
[Site "Oviedo"]
[Date "2022.07.20"]
[Round "6"]
[White "Rodriguez Garcia, Jose Antonio"]
[Black "Garcia Garcia, Samuel"]
[Result "0-1"]
[WhiteElo "1855"]
[BlackElo "2084"]
[PlyCount "102"]
[EventDate "2022.07.17"]
[EventType "swiss"]
[EventRounds "9"]
[EventCountry "ESP"]
[SourceTitle "CBM 209 Extra"]
[Source "ChessBase"]
[SourceDate "2022.09.30"]
[SourceVersion "1"]
[SourceVersionDate "2022.09.30"]
[SourceQuality "1"]

1. e4 c5 2. Nf3 d6 3. d4 cxd4 4. Nxd4 Nf6 5. Nc3 g6 6. Be3 Bg7 7. f3 Nc6 8. Qd2 0-0 9. 0-0-0 d5 10. exd5 Nxd5 11. Nxc6 bxc6 12. Bd4 Bxd4 13. Qxd4 Qb6 14. Na4 Qa5 15. b3 Ba6 16. Qc5 Qc7 17. g3 Nb6 18. Nb2 Rfd8 19. Be2 Nd5 20. Bc4 Qd6 21. Qxd6 Rxd6 22. Rhe1 Rad8 23. Bxd5 cxd5 24. Rd4 Rc8 25. Re2 Rdc6 26. g4 Kg7 27. Nd3 g5 28. Kb2 R8c7 29. h3 h5 30. Nb4 Rd6 31. c3 f6 32. Nc2 Bc8 33. Re3 e5 34. Rd2 Be6 35. Red3 a5 36. Ne3 Rcd7 37. a3 Kf7 38. Nf1 Rb6 39. b4 Rdb7 40. gxh5 d4 41. cxd4 axb4 42. d5 bxa3+ 43. Ka2 Bxh3 44. Ne3 Rb4 45. Rxa3 Rh4 46. Rb2 Rxb2+ 47. Kxb2 Rxh5 48. Kc3 Rh4 49. Ra7+ Ke8 50. Ra6 Rf4 51. Nc4 Rxc4+ 0-1

[Event "Trevis San Miguel op 26th"]
[Site "Trevis"]
[Date "2020.09.20"]
[Round "3"]
[White "Castro Quijano, Eduardo"]
[Black "Garcia Garcia, Samuel"]
[Result "0-1"]
[WhiteElo "1793"]
[BlackElo "1918"]
[PlyCount "110"]
[EventDate "2020.09.19"]
[EventType "swiss"]
[EventRounds "3"]
[EventCountry "ESP"]
[SourceTitle "EXT 2024"]
[Source "ChessBase"]
[SourceDate "2023.10.10"]
[SourceVersion "1"]
[SourceVersionDate "2023.10.10"]
[SourceQuality "1"]

1. e4 c5 2. Nf3 d6 3. g3 Nc6 4. d3 g6 5. Bg2 Bg7 6. 0-0 Nf6 7. c3 0-0 8. Re1 Bd7 9. Nbd2 Rb8 10. Nf1 b5 11. Be3 b4 12. Qd2 Ng4 13. Bf4 bxc3 14. bxc3 Qa5 15. Rac1 Qa3 16. Rc2 Nce5 17. Nxe5 Nxe5 18. Ne3 Ba4 19. Bxe5 Bxc2 20. Bxg7 Kxg7 21. Nxc2 Qxa2 22. d4 cxd4 23. Qxd4+ e5 24. Nb4 Qb3 25. Qxd6 Qxc3 26. Nd3 Rfe8 27. Rc1 Qd2 28. Bf1 Rbd8 29. Qc6 Re6 30. Qc3 Qxc3 31. Rxc3 Ra8 32. Rc7 Kf8 33. Nc5 Re7 34. Rc6 a5 35. Bb5 Raa7 36. f4 exf4 37. gxf4 Rac7 38. Na4 Rxc6 39. Bxc6 Rc7 40. Bd5 Rc2 41. Nb6 Ke7 42. e5 h6 43. h4 Re2 44. Kf1 Rh2 45. Nc8+ Kd7 46. Nd6 Rxh4 47. Nxf7 Rxf4+ 48. Ke2 Rf5 49. Ke3 Ke7 50. Nxh6 Rxe5+ 51. Kd4 Rh5 52. Ng8+ Kd6 53. Bf7 Rh4+ 54. Ke3 g5 55. Kf3 Rf4+ 0-1

[Event "Trevis San Miguel op 26th"]
[Site "Trevis"]
[Date "2020.09.19"]
[Round "1"]
[White "Alvarez Perez, Adan"]
[Black "Garcia Garcia, Samuel"]
[Result "0-1"]
[WhiteElo "1901"]
[BlackElo "1918"]
[PlyCount "74"]
[EventDate "2020.09.19"]
[EventType "swiss"]
[EventRounds "3"]
[EventCountry "ESP"]
[SourceTitle "EXT 2024"]
[Source "ChessBase"]
[SourceDate "2023.10.10"]
[SourceVersion "1"]
[SourceVersionDate "2023.10.10"]
[SourceQuality "1"]

1. d4 d5 2. c4 e6 3. Nc3 Nf6 4. Bg5 Be7 5. e3 h6 6. Bf4 0-0 7. c5 c6 8. a3 b6 9. b4 a5 10. Na4 Nbd7 11. Nf3 Ba6 12. Bxa6 Rxa6 13. Nc3 b5 14. 0-0 Nh5 15. h3 Nxf4 16. exf4 Qc7 17. Ne5 Rfa8 18. Rc1 axb4 19. axb4 Ra3 20. Re1 Nxe5 21. fxe5 Bg5 22. Rc2 Rb3 23. Rf1 Raa3 24. Ne2 Rxb4 25. f4 Be7 26. f5 exf5 27. Rxf5 Bg5 28. Rf3 Rxf3 29. gxf3 Qd7 30. f4 Bh4 31. Qd3 Qa7 32. Kg2 Qa1 33. Rc1 Qa2 34. Rc2 Qb1 35. Ng1 Rb3 36. Qxb3 Qxb3 37. Re2 Qg3+ 0-1

[Event "Pontevedra op 7th"]
[Site "Pontevedra"]
[Date "2019.08.12"]
[Round "6"]
[White "Del Prado Rodriguez, Xulio"]
[Black "Garcia Garcia, Samuel"]
[Result "1-0"]
[WhiteElo "2062"]
[BlackElo "1758"]
[PlyCount "53"]
[EventDate "2019.08.08"]
[EventType "swiss"]
[EventRounds "9"]
[EventCountry "ESP"]
[SourceTitle "EXT 2020"]
[Source "ChessBase"]
[SourceDate "2019.10.17"]
[SourceVersion "1"]
[SourceVersionDate "2019.10.17"]
[SourceQuality "1"]

1. d4 Nf6 2. c4 g6 3. Nc3 Bg7 4. e4 d6 5. Nf3 0-0 6. Be2 Nbd7 7. 0-0 e5 8. Be3 Re8 9. d5 Nh5 10. Qc1 Bf8 11. Rb1 Ng7 12. Ne1 Be7 13. b4 f5 14. exf5 gxf5 15. f4 exf4 16. Bd4 Bg5 17. Nf3 Bh6 18. c5 Ne5 19. cxd6 cxd6 20. Nb5 Re7 21. Bxe5 dxe5 22. d6 Rf7 23. Bc4 Be6 24. Nxe5 Rf6 25. Bxe6+ Rxe6 26. Qc4 Kh8 27. Nf7+ 1-0

[Event "Pontevedra op-B 6th"]
[Site "Pontevedra"]
[Date "2018.08.13"]
[Round "8"]
[White "Garcia Garcia, Samuel"]
[Black "Moreira Martinez, Xose Ramon"]
[Result "1-0"]
[WhiteElo "1667"]
[BlackElo "1849"]
[PlyCount "79"]
[EventDate "2018.08.08"]
[EventType "swiss"]
[EventRounds "9"]
[EventCountry "ESP"]
[SourceTitle "CBM 186 Extra"]
[Source "ChessBase"]
[SourceDate "2018.08.24"]
[SourceVersion "1"]
[SourceVersionDate "2018.08.24"]
[SourceQuality "1"]

1. Nf3 d5 2. g3 Nf6 3. Bg2 c6 4. c4 e6 5. d4 Be7 6. 0-0 0-0 7. Nc3 Nbd7 8. Nd2 Re8 9. e4 dxe4 10. Ndxe4 Nxe4 11. Nxe4 Nf6 12. Be3 Qc7 13. Rc1 Qd7 14. h3 b6 15. Qb3 Bb7 16. Rfd1 Rac8 17. Kh2 Red8 18. Rd2 Nxe4 19. Bxe4 Bf6 20. Rcd1 Qe7 21. Bg2 g6 22. a4 Rb8 23. Bf4 Rbc8 24. c5 bxc5 25. dxc5 Rxd2 26. Rxd2 e5 27. Be3 Qc7 28. a5 Be7 29. Bf1 Rb8 30. Qc3 Bc8 31. Bc4 Be6 32. Bxe6 fxe6 33. Re2 Rd8 34. Bd2 Rd5 35. b4 Kf7 36. Qf3+ Kg7 37. Bc3 Bf6 38. Qe4 Kf7 39. f4 exf4 40. Qxe6+ 1-0